Équipe de Belgique de Football - Tous les joueurs (2000-...) - Statistiques

Statistiques générales
  • Ce quiz a été pris 3 690 fois
    399 depuis la dernière actualisation
  • Le résultat moyen est 39 sur 202
Statistiques - réponses
Première sélection Dernière sélection Joueur Nb de sélections % Correct
2008 2022 Eden Hazard 126
97%
2013 2022 Thorgan Hazard 47
97%
2010 Kevin de Bruyne 115
96%
2011 Thibaut Courtois 107
95%
2010 Romelu Lukaku 124
94%
2015 2017 Jordan Lukaku 8
93%
2007 2024 Jan Vertonghen 157
84%
2007 2018 Marouane Fellaini 87
83%
2008 Axel Witsel 133
82%
2013 Thomas Meunier 75
82%
2009 2022 Toby Alderweireld 127
79%
2004 2019 Vincent Kompany 89
78%
2020 Jeremy Doku 37
73%
2011 2022 Dries Mertens 109
71%
2011 2022 Simon Mignolet 35
70%
2016 Youri Tielemans 79
66%
2015 Yannick Ferreira Carrasco 78
60%
2015 Michy Batshuayi 55
59%
2011 2021 Nacer Chadli 66
57%
2006 2021 Thomas Vermaelen 85
57%
2001 2014 Daniel Van Buyten 83
55%
2006 2018 Mousa Dembélé 82
54%
2018 Timothy Castagne 58
54%
2021 Matz Sels 11
53%
2014 2022 Divock Origi 32
52%
2022 Loïs Openda 29
52%
2022 Wout Faes 28
52%
2022 Amadou Onana 24
51%
2010 2022 Christian Benteke 45
50%
2020 Koen Casteels 20
48%
2020 Leandro Trossard 48
48%
2021 Arthur Theate 29
47%
2018 Hans Vanaken 30
47%
2009 2018 Radja Nainggolan 30
42%
2020 Dodi Lukebakio 26
41%
1990 2002 Marc Wilmots 70
41%
2007 2018 Kevin Mirallas 60
40%
2020 Charles De Ketelaere 24
39%
2022 Zeno Debast 24
39%
2024 Maxim De Cuyper 14
38%
2014 2022 Adnan Januzaj 15
37%
2015 Jason Denayer 35
37%
2010 2022 Dedryck Boyata 31
36%
2025 Nicolas Raskin 7
34%
2006 2017 Steven Defour 52
32%
2023 Johan Bakayoko 18
31%
2010 2018 Laurent Ciman 20
30%
2024 Malick Fofana 5
30%
2019 Brandon Mechele 5
28%
2007 2008 Mark de Man 5
28%
2020 Alexis Saelemaekers 19
27%
2004 2014 Anthony Vanden Borre 29
27%
2025 Joaquin Seys 1
25%
2015 2023 Leander Dendoncker 32
24%
2022 Orel Mangala 23
24%
2025 Diego Moreira 1
23%
2007 2016 Guillaume Gillet 22
22%
2009 2013 Jean-François Gillet 9
22%
2006 2016 Nicolas Lombaerts 39
22%
2023 Arthur Vermeeren 6
21%
2024 Koni De Winter 4
21%
2014 Dennis Praet 15
19%
2001 2016 Timmy Simons 94
18%
2019 Yari Verschaeren 7
18%
2004 2011 Silvio Proto 13
17%
1995 2004 Sven Vermant 18
17%
1997 2009 Emile Mpenza 57
16%
2015 2015 Laurent Depoitre 1
16%
1997 2007 Mbo Mpenza 56
16%
2023 Roméo Lavia 1
16%
2003 2013 Jelle Van Damme 31
15%
2008 2014 Sébastien Pocognoli 13
14%
2002 2002 Joris Van Hout 1
13%
2025 Jorthy Mokio 1
13%
2013 2015 Zakaria Bakkali 2
13%
2020 Sebastiaan Bornauw 4
12%
2008 2008 Stijn de Smet 1
12%
2001 2010 Wesley Sonck 55
12%
1999 2008 Bart Goor 78
11%
2009 2013 Jelle Vossen 12
11%
2024 Julien Duranville 2
11%
2023 Aster Vranckx 9
10%
1998 2007 Philippe Clement 38
10%
2024 Thomas Kaminski 1
10%
2021 Albert Sambi Lokonga 2
9%
1996 2005 Eric Deflandre 57
9%
2023 Olivier Deman 3
9%
2016 Thomas Foket 10
9%
2025 Bryan Heynen 1
8%
2021 Dante Vanzeir 1
8%
2024 Killian Sardella 1
8%
2003 2015 Olivier Deschacht 20
8%
2014 2014 Sammy Bossut 1
8%
1999 2005 Yves Vanderhaeghe 48
8%
2020 Zinho Vanheusden 1
8%
2023 Ameen Al-Dakhil 6
7%
2024 Arne Engels 4
7%
1999 2002 Branko Strupar 17
7%
2025 Charles Vanhoutte 1
7%
2016 2017 Christian Kabasele 2
7%
1999 2006 Geert de Vlieger 43
7%
1994 2002 Gert Verheyen 50
7%
1991 2002 Johan Walem 36
7%
2009 2010 Logan Bailly 8
7%
1988 2000 Luc Nilis 56
7%
2023 Mandela Keita 1
7%
2010 2011 Marvin Ogunjimi 7
7%
1999 2005 Walter Baseggio 27
7%
2018 2018 Anthony Limbombe 1
6%
1989 2002 Danny Boffin 53
6%
1989 2000 Filip de Wilde 33
6%
1994 2002 Gilles de Bilde 25
6%
1993 2002 Glen de Boeck 36
6%
2023 Hugo Siquet 1
6%
2009 2012 Igor de Camargo 9
6%
1999 2002 Jacky Peeters 17
6%
2010 2010 Jonathan Legear 2
6%
1990 2000 Lorenzo Staelens 70
6%
2007 2010 Maarten Martens 9
6%
2024 Matte Smets 1
6%
2001 2007 Peter Van der Heyden 21
6%
2009 2009 Ritchie de Laet 2
6%
1999 2003 Sandy Martens 11
6%
2022 Siebe Van der Heyden 1
6%
2006 2009 Stijn Stijnen 30
6%
1991 2001 Bertrand Crasson 26
5%
1993 2002 Eric Van Meir 34
5%
2003 2009 Gaby Mudingayi 17
5%
2004 2008 Luigi Pieroni 24
5%
2009 2010 Mehdi Carcela 2
5%
1995 2006 Philippe Léonard 26
5%
2002 2013 Thomas Buffel 35
5%
2007 2007 Tom de Mul 2
5%
2008 2009 Tom de Sutter 14
5%
2019 2019 Benito Raman 1
4%
2018 2018 Birger Verstraete 1
4%
1999 2008 Carl Hoefkens 22
4%
2024 Cyril Ngonge 1
4%
2006 2009 Gill Swerts 17
4%
2020 2020 Hannes Delcroix 1
4%
2020 2020 Joris Kayembe 2
4%
2005 2009 Karel Geraerts 20
4%
2015 2015 Luis Pedro Cavanda 2
4%
2023 Mike Trésor 2
4%
1996 2002 Nico Van Kerckhoven 42
4%
2024 Norman Bassette 1
4%
2004 2007 Thomas Chatelle 3
4%
2002 2010 Bernd Thijs 7
3%
2010 2010 Christophe Lepoint 1
3%
2011 2011 David Hubert 2
3%
2012 2012 Denis Odoi 1
3%
2001 2004 Didier Dheedene 12
3%
2019 2019 Elias Cobbaut 1
3%
2007 2007 François Sterchele 4
3%
1999 2004 Frédéric Herpoel 7
3%
2001 2006 Gaëtan Englebert 9
3%
2020 2020 Hendrik Van Crombrugge 1
3%
2000 2003 Joos Valgaeren 19
3%
2005 2007 Kévin Vandenbergh 13
3%
1999 2001 Marc Hendrikx 15
3%
2004 2005 Roberto Bisconti 13
3%
1998 2000 Toni Brogno 7
3%
2010 2011 Vadis Odjidja-Ofoe 3
3%
2005 2005 Birger Maertens 1
2%
2010 2011 Björn Vleminckx 3
2%
2003 2003 Cédric Roussel 2
2%
2006 2006 Davy Schollen 1
2%
2007 2009 Faris Haroun 6
2%
1999 2009 Filip Daems 7
2%
2003 2003 Francky Vandendriessche 1
2%
2004 2004 Grégory Dufer 4
2%
2012 2012 Ilombe Mboyo 2
2%
2002 2010 Jonathan Blondel 4
2%
2003 2005 Jonathan Walasiak 4
2%
1999 2000 Jurgen Cavens 5
2%
2002 2007 Koen Daerden 9
2%
1993 2000 Michaël Goossens 14
2%
2002 2005 Olivier de Cock 11
2%
1992 2002 Régis Genaux 22
2%
1999 2002 Stefaan Tanghe 9
2%
2004 2009 Stein Huysegems 14
2%
2006 2007 Brian Vandenbussche 3
1%
2007 2007 Christophe Grégoire 2
1%
2011 2011 Derrick Tshimanga 1
1%
2004 2004 Erwin Lemmens 2
1%
2009 2009 Geoffrey Mujangi-Bia 2
1%
2008 2009 Jeroen Simaeys 2
1%
2009 2009 Kevin Roelandts 2
1%
2006 2006 Nathan D'Haemers 1
1%
1997 2005 Olivier Doll 6
1%
1999 2002 Peter Van Houdt 6
1%
2006 2006 Pieter Collen 2
1%
2009 2009 Roland Lamah 5
1%
2009 2009 Sepp de Roover 2
1%
2010 2010 Steve Colpaert 1
1%
2002 2002 Stijn Vreven 2
1%
2006 2006 Tom Caluwé 1
1%
2002 2005 Tom Soetaers 8
1%
2004 2004 Tristan Peersman 1
1%
2011 2011 Yassine El Ghanassy 1
1%
2008 2008 Killian Overmeire 1
0%
2006 2006 Wim de Becker 2
0%
Aucun quiz correspondant
Distribution des résultats
% des personnes avec chaque résultat
Percentile par nombre de réponses
Votre historique - résultats
Vous n’avez pas pris ce quiz depuis la dernière actualisation